Statystyki dla Top 10 najludniejszych państw Azji

Kliknij tutaj aby rozwiązać quiz!

Ogólne statystyki

  • Ten quiz został rozwiązany 457 razy
  • Średni wynik to 9 z 10

Statystyki odpowiedzi

Liczba ludnościPaństwo% Poprawnych
1 330 045 000Chiny
100%
1 147 996 000Indie
99%
127 078 000Japonia
97%
141 800 000Rosja
91%
237 512 000Indonezja
90%
176 242 000Pakistan
82%
153 547 000Bangladesz
79%
86 117 000Wietnam
76%
71 893 000Turcja
70%
92 681 000Filipiny
69%

Rozkład punktacji

Percentyl według liczby udzielonych odpowiedzi

Procent ludzi z każdym wynikiem

Twoja historia wyników

Nie rozwiązałeś tego quizu